000 00766cam a2200241 a 4500
001 1107287
005 20180202045022.0
008 930727s1994 iluc b 001 0 eng
010 _a 93027235
020 _a0814116213
040 _aDLC
_cDLC
_dDLC
041 _aeng
043 _an-us---
080 _a808.04207 HUL
082 0 0 _a808.04207 HUL
_220
100 _a47
101 _aEDU
245 0 0 _aEvaluating teachers of writing /
_cedited by Christine A. Hult.
504 _aIncludes bibliographical references and index.
906 _a7
_bcbc
_corignew
_d1
_eocip
_f19
_gy-gencatlg
942 _2ddc
_cBK
999 _c41615
_d41615